Luận Anh văn =English Essay Course

Zapisane w:
Opis bibliograficzny
1. autor: Trần Văn Điền
Format: Książka
Język:Vietnamese
Wydane: Tp. Hồ Chí Minh Nxb. Tp. Hồ chí Minh 1995
Hasła przedmiotowe:
Etykiety: Dodaj etykietę
Nie ma etykietki, Dołącz pierwszą etykiete!
Thư viện lưu trữ: Mạng thư viện Đại học Đà Nẵng
LEADER 00954nam a2200301 4500
001 000016253
003 12651
005 20120727090740.0
008 120727s1995 viesd
020 |c 19000đ 
041 0 |a vie 
082 |a 824  |b TR-Đ 
100 0 |a Trần Văn Điền 
245 0 |a Luận Anh văn  |b =English Essay Course  |c Trần Văn Điền 
260 |a Tp. Hồ Chí Minh  |b Nxb. Tp. Hồ chí Minh  |c 1995 
300 |a 297tr.  |c 19 cm 
653 |a tiếng Anh 
653 |a luận 
OWN |a LSP 
AVA |a UDN50  |b LSP  |d 824 TR-Đ  |e available  |t Error 5001 Not defined in file expand_doc_bib_avail.  |f 1  |g 0  |h N  |i 0  |k 1 
999 |a From the UDN01 
AVA |a UDN50  |b LSP  |d 824 TR-Đ  |e available  |t Error 5001 Not defined in file expand_doc_bib_avail.  |f 1  |g 0  |h N  |i 0  |k 1 
TYP |a Monograph 
TYP |a Printed language 
980 |a Mạng thư viện Đại học Đà Nẵng